JetPunk Bloggers by Most-Liked Blog - Statistics

General Stats
  • This quiz has been taken 11 times
  • The average score is 14 of 28
Answer Stats
Most-Liked Blog # Blogger % Correct
Controversial Quotes of Beloved Historical Figures 27 Quizmaster
100%
The Blog Update 55 Stewart
100%
Interview of a JetPunker #12 - Crem 20 baptistegorce
89%
Who is the Greatest JetPunker? 21 Geopro
78%
The "Subdivisions of the World" Quiz 2021 Change Log 19 IAB
78%
How to learn the Chinese cities names 12 cuotak
67%
All About Lithuania 4 YakosaysBOT5WANA
67%
What if the Spanish Empire Reunited Today? 12 BigGeographyGuy
56%
The Blog Games: Week 0 - Introduction 19 Ethaboo444
56%
14 beautiful tourist attractions - that humans have ruined 15 MG17
56%
Fictional Word Definitions/Etymologies 11 ZooTuber3000
56%
50 Mind Blowing Facts About the Universe 10 Beckette
44%
Worcestershire - More than just the Sauce! 16 Fuse
44%
Genuine advice I'd like to tell new quiz-makers 14 Iluvbread123
44%
_________ Epilogue - Could be gone??? 13 MrBLOGGER
44%
Every 1M City in India - Explained! (Part 1) 10 TheNatureThread
44%
Keep on Trucking! and My Home County - Cheshire 9 toowise
44%
Funniest Things #1 Place Names 11 Afghabwe
33%
Yako's Banned...Again 16 Baxtergrad
33%
Some "Eurekas" of Mathematics - Part Four 11 cathlete
33%
Discrimination against Asian Americans and Pacific Islanders 12 Einstein100102
33%
Happy Mother's Day! 10 FacterLiger0804
33%
May "Madness" 16 michaelngwa
33%
Logical fallacy analogies and Intriguing Cases of Species Extinction 8 HelveticaBold
22%
The 500 Most Beautiful Cities in the World: #470–456 11 HighPriest57
22%
Quiz Creation Challenge: Under the Sea! 18 Insaniot
22%
My Story of JetPunk (literally almost the Thank You Blog) 7 GeoSmartKirbyXD
11%
Peculiar Laws and Rules in the World 7 PharaohsofAthens
11%
No matching quizzes found
Score Distribution
Percent of People with Each Score
Percentile by Number Answered
Your Score History
You have not taken this quiz